000 00734nam a22002057a 4500
008 160921b xxu||||| |||| 00| 0 eng d
020 _a087659156
020 _a9780876591567
050 _aGF 26 .P4 1992
100 _aPetrash, Carol
245 _aEarthways:
_bsimple environmental activities for young children/
_cCarol Petrash
260 _aMt.Rainier, Maryland:
_bGryphon House;
_c1992
300 _aix, 206p. :
_bill. ;
_c21cm
500 _aIncludes references and index
650 _aEnvironmental education
_xActivity programs
650 _aEnvironment and children
650 _aConservation study and teaching
650 _aEducation, preschool
_xActivity programs
942 _2lcc
_cBOOKS
_hGF 26 .P4 1992
999 _c13911
_d13911